[Event "Continental op 49th"]
[Site "Sturbridge"]
[Date "2019.08.18"]
[Round "9"]
[White "Yu, Alex"]
[Black "Krishnakumar, Sriram"]
[Result "1/2-1/2"]
[WhiteElo "1831"]
[BlackElo "1854"]
[PlyCount "51"]
[EventDate "2019.08.14"]
[EventType "swiss"]
[EventRounds "9"]
[EventCountry "USA"]
[SourceTitle "CBM 191 Extra"]
[Source "ChessBase"]
[SourceDate "2019.09.30"]
[SourceVersion "1"]
[SourceVersionDate "2019.09.30"]
[SourceQuality "1"]

1. e4 e5 2. Nf3 Nc6 3. Bb5 a6 4. Ba4 Nf6 5. 0-0 b5 6. Bb3 Bb7 7. Re1 Bc5 8. c3 d6 9. d4 Bb6 10. h3 h6 11. Be3 0-0 12. Nbd2 Re8 13. Bc2 exd4 14. cxd4 Nb4 15. d5 Bxe3 16. Rxe3 Nxc2 17. Qxc2 Rc8 18. Nd4 c5 19. dxc6 Qb6 20. Rc3 Qxd4 21. cxb7 Rxc3 22. Qxc3 Qxc3 23. bxc3 Rb8 24. a4 Rxb7 25. axb5 axb5 26. Rb1 1/2-1/2

[Event "Continental op 48th"]
[Site "Sturbridge"]
[Date "2018.08.19"]
[Round "7"]
[White "Slade, Theodore"]
[Black "Yu, Alex"]
[Result "1/2-1/2"]
[WhiteElo "1960"]
[BlackElo "1852"]
[PlyCount "112"]
[EventDate "2018.08.16"]
[EventType "swiss"]
[EventRounds "9"]
[EventCountry "USA"]
[SourceTitle "CBM 186 Extra"]
[Source "ChessBase"]
[SourceDate "2018.08.24"]
[SourceVersion "1"]
[SourceVersionDate "2018.08.24"]
[SourceQuality "1"]

1. d4 Nf6 2. c4 g6 3. Nc3 d5 4. cxd5 Nxd5 5. e4 Nxc3 6. bxc3 Bg7 7. Bc4 c5 8. Ne2 0-0 9. 0-0 Nc6 10. Be3 e5 11. dxc5 Bd7 12. Bg5 Qxg5 13. Qxd7 Qe7 14. Qxe7 Nxe7 15. Rab1 Rab8 16. Bd5 Nxd5 17. exd5 Rfc8 18. Rb5 Bf8 19. d6 a6 20. Ra5 b6 21. cxb6 Rxb6 22. Rxe5 Bxd6 23. Re4 Rb2 24. a4 Ra2 25. Rd1 Rb8 26. g3 Bc5 27. Rd5 Rb1+ 28. Kg2 Bb6 29. Rd6 Rbb2 30. Kf3 a5 31. Rd5 Kg7 32. Rd7 Bc5 33. Rc7 Bb6 34. Rb7 Kg8 35. Re8+ Kg7 36. Ree7 Kg8 37. c4 Bc5 38. Rxb2 Rxb2 39. Re5 Bb4 40. Ke3 Ra2 41. c5 Rc2 42. Kd3 Rxc5 43. Rxc5 Bxc5 44. Nd4 Kg7 45. Kc4 Bb6 46. f3 Kf6 47. Nc6 Bg1 48. h3 Bf2 49. g4 Kg5 50. Nxa5 Kh4 51. Nc6 Be1 52. a5 Bxa5 53. Nxa5 Kxh3 54. g5 Kh4 55. Kd3 Kxg5 56. Ke2 Kf4 1/2-1/2